[Event "Antofagasta Zicosur op 4th"]
[Site "Antofagasta"]
[Date "2019.01.07"]
[Round "4"]
[White "Carcamo Calderon, Angela Ayline"]
[Black "Plaza Villar, Hervo"]
[Result "0-1"]
[WhiteElo "1138"]
[BlackElo "1558"]
[PlyCount "50"]
[EventDate "2019.01.04"]
[EventType "swiss"]
[EventRounds "10"]
[EventCountry "CHI"]
[SourceTitle "CBM 190 Extra"]
[Source "ChessBase"]
[SourceDate "2019.07.15"]
[SourceVersion "1"]
[SourceVersionDate "2019.07.15"]
[SourceQuality "1"]

1. e4 e6 2. d4 d5 3. exd5 exd5 4. Nf3 Bd6 5. Nc3 Nf6 6. Bg5 c6 7. Bd3 Bg4 8. Qe2+ Qe7 9. Bxf6 Qxe2+ 10. Bxe2 gxf6 11. h3 Bh5 12. g4 Bg6 13. 0-0-0 b5 14. Rde1 0-0 15. h4 b4 16. Nd1 Nd7 17. Rhg1 Kh8 18. Kb1 a5 19. Ne3 a4 20. b3 axb3 21. axb3 Ra7 22. Kb2 Rfa8 23. Nf5 Ra2+ 24. Kc1 Bf4+ 25. Ne3 Rxc2+ 0-1